[Event "GER-ch U10 Girls"]
[Site "Willingen"]
[Date "2016.05.18"]
[Round "7"]
[White "Krebs, Elisabeth"]
[Black "Zoellner, Bente"]
[Result "0-1"]
[WhiteElo "1076"]
[BlackElo "922"]
[PlyCount "44"]
[EventDate "2016.05.15"]
[EventType "swiss"]
[EventRounds "11"]
[EventCountry "GER"]
[SourceTitle "CBM 172 Extra"]
[Source "ChessBase"]
[SourceDate "2016.06.21"]
[SourceVersion "1"]
[SourceVersionDate "2016.06.21"]
[SourceQuality "1"]

1. e4 c5 2. Nc3 d6 3. f4 Nc6 4. Nf3 Bg4 5. Be2 Qc7 6. 0-0 Nf6 7. h3 Bxf3 8. Bxf3 Nd4 9. Bg4 Nxg4 10. hxg4 g6 11. d3 Bg7 12. Be3 h5 13. g5 Qb6 14. Rb1 h4 15. Kh2 Qc6 16. Qd2 Qd7 17. Nd1 h3 18. g3 Qg4 19. Nf2 Nf3+ 20. Kh1 Qxg3 21. Nxh3 Rxh3+ 22. Qh2 Rxh2# 0-1